=LDR 00000nam 2200000 4500 =001 INLIS000000000028052 =005 20130612130402 =008 ***********************************Ind** =035 ##$$0010-061300000028052 =041 ##$$a Ind =082 ##$$a 353.132 =090 ##$$a 353.132, Fau l =100 ##$$a Latihan, Dodi Ahmad =245 ##$$a Latihan soal-soal tes masuk calon pegawai negeri sipil, Dodi Ahmad Fauzi ; penyunting, Tajudin =260 ##$$a 2006 $b Jakarta =300 ##$$a vi, 156 hlm, 23 cm =650 ##$$a Pegawai-Tes masuk =700 ##$$a Tajudin =850 ##$$a NBPNMAT